| 000 | 00475 a2200169 4500 | ||
|---|---|---|---|
| 999 |
_c9582 _d9582 |
||
| 022 | _a2220-5470 | ||
| 050 | _aKTZ2.23.A2Z56 2011 | ||
| 100 |
_aRowland J Reid _eeditor |
||
| 245 |
_aThe Zimbabwe Law Reports 2011 _bpart 1 _cJ Reid Rowland |
||
| 264 |
_aHarare : _bLegal Resources Foundation, _c2013 |
||
| 300 | _a637p. | ||
| 500 | _alaw report | ||
| 650 |
_aLaw _x Law Report |
||
| 651 | _aZimbabwe | ||
| 700 |
_aL G Smith _eeditor |
||
| 942 |
_2lcc _cBK _h2.23.A2Z56 2011 _iZIM _kKTZ |
||